Visualizzazione normale
Vista MARC
- Lufrani R.
di Personal Name
Records bibliografici associati: 1
001 - CONTROL NUMBER
- control field: 58275
003 - CONTROL NUMBER IDENTIFIER
- control field:
005 - DATE AND TIME OF LATEST TRANSACTION
- control field: 20200728180147.0
008 - FIXED-LENGTH DATA ELEMENTS
- fixed length control field: 200728|| aca||aabn | a|a d
040 ## - CATALOGING SOURCE
- Original cataloging agency:
- Transcribing agency:
100 ## - HEADING--PERSONAL NAME
- Personal name: Lufrani R.
- Personal name: Tavilla G.
- Personal name: Coppo M.T.
- Personal name: Benedetti Esposito L.
- Personal name: Belletti F.
- Personal name: Lodi Gherardi N.
- Personal name: Ciccarelli E.
- Personal name: Manna E.
- Personal name: Gavazzi A
670 ## - SOURCE DATA FOUND
- Source citation: Work cat.: (): Eguez Maria Luisa (et al.) 58274, Speciale famiglia, 2019